000 00379nam a22001577a 4500
003 OSt
005 20241028130316.0
008 241028b |||||||| |||| 00| 0 eng d
020 _a9354977197
040 _c
082 _23
_a005.133 C
_bTHA
245 _aDatastructures using C
_cThareja,Reema
250 _a3
260 _boxford
_c2014
942 _2ddc
_cBK
_e3
_k005.133 C
_mTHA
_n0
999 _c36104
_d36104